Zverejňovanie zmlúv a ochrana osobných údajov
Zverejňovanie zmlúv v centrálnom registri zmlúv je zákonnou povinnosťou obcí a zároveň podmienkou ich účinnosti. Pri tejto povinnosti však musí byť rešpektovaná ochrana osobných údajov a zákonné obmedzenia sprístupňovania informácií. Nesprávny postup môže viesť k porušeniu právnych predpisov aj k sa...
Salvato in:
| Autore principale: | |
|---|---|
| Natura: | Capitolo di libro |
| Lingua: | slovacco |
| Soggetti: | |
| Tags: |
Nessun Tag, puoi essere il primo ad aggiungerne!!
|
MARC
| LEADER | 00000naa a2200000 4500 | ||
|---|---|---|---|
| 001 | 0315122 | ||
| 005 | 20260225083140.2 | ||
| 041 | 0 | |a slo | |
| 044 | |a SK | ||
| 245 | 1 | 0 | |a Zverejňovanie zmlúv a ochrana osobných údajov |c Tatiana Mičudová |
| 520 | |a Zverejňovanie zmlúv v centrálnom registri zmlúv je zákonnou povinnosťou obcí a zároveň podmienkou ich účinnosti. Pri tejto povinnosti však musí byť rešpektovaná ochrana osobných údajov a zákonné obmedzenia sprístupňovania informácií. Nesprávny postup môže viesť k porušeniu právnych predpisov aj k sankciám. Článok sa venuje právnym hraniciam zverejňovania zmlúv a povinnostiam obcí pri ich anonymizácii. | ||
| 610 | 2 | 0 | |a sloboda informácií |
| 610 | 2 | 0 | |a zmluvy |
| 610 | 2 | 0 | |a ochrana údajov osobných |
| 610 | 2 | 0 | |a ochrana informácií |
| 610 | 2 | 0 | |a sankcie |
| 100 | 1 | |a Mičudová, Tatiana | |